00620nam a2200169Ia 4500008004100000082001400041100002500055245011400080260002100194300001100215440001400226500005300240650002000293700003200313952008800345999001700433120622s9999 xx 000 0 und d a657 H498t aHendriksen, Eldon S. aTeoría contemporánea de la contabilidad / Eldon S. Hendriksen, Bruce P. Budge ; tr. Ernesto Osuna Pereyra aMéxico : ECASA a419 p. aDickenson aTítulo original: Contemporany accouting theory a1. CONTABILIDAD aBudge, Bruce P. ; coaut.Ì 00104070a01b01d2007-01-25l0o657 H498Tp01 000849r2012-06-24w2012-06-24yLB c58955d58955